000 00855cam a2200145 4500500
005 20260208010424.0
041 _afre
042 _adc
100 1 0 _aMarcotte, Stéphane
_eauthor
245 0 0 _aDocuments linguistiques de la Suisse romande, t. 1, Documents en langue française antérieurs à la fin du XIVe siècle conservés dans les cantons du Jura et de Berne, éd. Ernest SCHÜLE †, Rémy SCHEURER et Zygmunt MARZYS, coll. Nicolas BARRÉ, Bernadette GAVILLET, Paris, CNRS Éditions, 2002; 1 vol. in-8°, 715 p. (Documents, études et répertoires publiés par l’IRHT, 69). ISBN : 2-271-05964-X. Prix : €120,00.
260 _c2005.
500 _a2
786 0 _nLe Moyen Age | CXI | 2 | 2005-09-01 | p. XLVIII-XLVIII | 0027-2841
856 4 1 _uhttps://shs.cairn.info/revue-le-moyen-age-2005-2-page-XLVIII?lang=fr&redirect-ssocas=7080
999 _c1656446
_d1656447